00877 a2200169 4500003000500000005001700005020001500022040000900037082001500046100002000061245007300081250001100154260003000165300001000195505046800205650003400673Nust20221115121653.0 a0153540761 cNust a512.13,PAY aPayne ,Joseph N aAlgebra two with trigonometry / cJoseph N Payne and Floyd F Zamboni a2nd ed aNew YorkbHarcourt Bracce a617:p aSystems of Numbers (Page-1), Polynomials and Factoring (Page-53), Rational Expressions (Page-95), Coordinate Geometry (Page-135), Relations and Functions (Page-193), Quadratic Functions (Page-231), Systems of Sentences (Page-291), Real Exponents (Page-347), Logarithmic Functions (Page-38), Conic Sections (Page-417), Sequences and Series (Page-449), Trigonometric Functions (Page-483), More Topics in Trigonometry (Page-525), Counting and Probability (Page-557). aAlgebra two with trigonometry